00374nam a22001338a 4500008004100000020002200041100001700063245006800080260003700148300002800185003000100213005001700214040000900231  a1857151003 (pbk.)1 aJoyce, James10aUlysses :b with an introduction by Craig Raine /cJames Joyce. aLondon :bDavid Campbell,c1992. axliv, 1084 p. ;c24 cm.20230123122007.0 cNUST